| 000 | 00490nam a2200169Ia 4500 | ||
|---|---|---|---|
| 999 |
_c11647 _d11647 |
||
| 003 | OSt | ||
| 005 | 20201015120704.0 | ||
| 008 | 190216s9999||||xx |||||||||||||| ||und|| | ||
| 040 | _coclc | ||
| 082 |
_a823.8 _bHAR/F |
||
| 100 |
_aHardy, Thomas _94826 |
||
| 245 | 0 |
_aFar From The Madding Crowd / _cThomas Hardy |
|
| 260 |
_bSterling Publications, _c1996. _aNew york: |
||
| 300 | _a490p | ||
| 650 | _aEnglish Literature | ||
| 942 |
_cBK _2ddc _h823.8 _iHAR/F _k823.8 _mHAR/F |
||